| 000 | 00300 a2200121 4500 | ||
|---|---|---|---|
| 003 | Nust | ||
| 005 | 20170207164544.0 | ||
| 040 | _cNust | ||
| 245 |
_aComputer Networking _bPrinciples, Protocols and Practice _cOlivier Bonaventure |
||
| 260 |
_bThe Saylor Foundation _c2011. |
||
| 300 | _a282p | ||
| 500 | _aE Book | ||
| 942 |
_2ddc _cBK |
||
| 999 |
_c209231 _d209231 |
||